[Event "8th Asian Continental/Individu"]
[Site "Subic Bay Free Port"]
[Date "2009.05.21"]
[Round "9.5"]
[White "Hoang, Thi Bao Tram"]
[Black "Karavade, Eesha"]
[Result "1/2-1/2"]
[WhiteElo "2239"]
[BlackElo "2359"]
[PlyCount "61"]
[EventDate "2009.05.13"]

1. d4 Nf6 2. Nf3 g6 3. Bf4 Bg7 4. Nbd2 c5 5. e3 d6 6. c3 O-O 7. Be2 b6 8. a4
Bb7 9. h3 Nbd7 10. O-O a6 11. Qb3 Ra7 12. Rfd1 Qa8 13. Qa3 Rb8 14. Bh2 Ne4 15.
Nxe4 Bxe4 16. Ne1 Bc6 17. b4 cxb4 18. cxb4 b5 19. a5 Bd5 20. Rac1 Rc8 21. Rxc8+
Qxc8 22. Rc1 Rc7 23. Rxc7 Qxc7 24. Bd3 Nf6 25. Qb2 Bc4 26. Bb1 Nd5 27. e4 Nf6
28. Bf4 Nd7 29. Be3 d5 30. e5 e6 31. h4 1/2-1/2

[Event "8th Asian Continental/Individu"]
[Site "Subic Bay Free Port"]
[Date "2009.05.21"]
[Round "9.6"]
[White "Zhang, Jilin"]
[Black "Nguyen, Thi Thanh An"]
[Result "1/2-1/2"]
[WhiteElo "2335"]
[BlackElo "2324"]
[PlyCount "66"]
[EventDate "2009.05.13"]

1. e4 Nf6 2. e5 Nd5 3. d4 d6 4. c4 Nb6 5. exd6 exd6 6. Nc3 Nc6 7. Be3 Be7 8. h3
O-O 9. Nf3 Bf5 10. Rc1 Re8 11. Be2 d5 12. c5 Nc4 13. Nxd5 Nxe3 14. Nxe3 Be4 15.
d5 Nb8 16. Bd3 Bxd3 17. Qxd3 Nd7 18. d6 cxd6 19. cxd6 Nf6 20. Rd1 Bf8 21. O-O
Re6 22. Nc4 b5 23. Nce5 Rxd6 24. Qb3 Qe8 25. Rde1 h6 26. Ng6 Qd7 27. Nxf8 Rxf8
28. Ne5 Qe6 29. Qxb5 Qxa2 30. Nc6 Rd2 31. Qc5 Qxb2 32. Ne7+ Kh7 33. Qxa7 Qd4
1/2-1/2

[Event "8th Asian Continental/Individu"]
[Site "Subic Bay Free Port"]
[Date "2009.05.21"]
[Round "9.7"]
[White "Meenakshi, Subbaraman"]
[Black "Mohota, Nisha"]
[Result "1-0"]
[WhiteElo "2303"]
[BlackElo "2304"]
[PlyCount "85"]
[EventDate "2009.05.13"]

1. d4 d5 2. c4 e6 3. Nc3 Be7 4. Nf3 Nf6 5. Bg5 O-O 6. e3 h6 7. Bxf6 Bxf6 8. Qb3
c6 9. Rd1 Nd7 10. Be2 Be7 11. O-O f5 12. Ne5 Nxe5 13. dxe5 Qb6 14. Na4 Qxb3 15.
axb3 Bd7 16. f4 b5 17. cxb5 cxb5 18. Nc3 Bc5 19. Kf2 Rfc8 20. g4 b4 21. Na4
Bxa4 22. bxa4 fxg4 23. Bxg4 Rc6 24. Ke2 Re8 25. Rc1 Rc7 26. Rc2 Bb6 27. Rxc7
Bxc7 28. Rc1 Bb6 29. Rc8 Rxc8 30. Bxe6+ Kf8 31. Bxc8 Ke7 32. Bf5 Kf7 33. Bc2 g6
34. Bb3 Ke7 35. Bxd5 g5 36. Kf3 gxf4 37. exf4 Bg1 38. h3 a5 39. b3 h5 40. f5
Bd4 41. Ke4 Bc3 42. f6+ Kf8 43. Kf5 1-0

[Event "8th Asian Continental/Individu"]
[Site "Subic Bay Free Port"]
[Date "2009.05.21"]
[Round "9.10"]
[White "Muminova, Nafisa"]
[Black "Sukandar, Irine Kharisma"]
[Result "1/2-1/2"]
[WhiteElo "2212"]
[BlackElo "2300"]
[PlyCount "100"]
[EventDate "2009.05.13"]

1. e4 e5 2. Nf3 Nc6 3. Bb5 a6 4. Ba4 Nf6 5. O-O Be7 6. Re1 b5 7. Bb3 d6 8. c3
O-O 9. d4 Bg4 10. d5 Na5 11. Bc2 Ne8 12. h3 Bd7 13. Nbd2 c5 14. dxc6 Nxc6 15.
Nf1 Nc7 16. Ne3 Be6 17. Qd3 g6 18. Nd5 Nxd5 19. exd5 Bf5 20. Qe2 Bxc2 21. Qxc2
Na5 22. a4 f5 23. axb5 axb5 24. Qe2 Rb8 25. Nd4 exd4 26. Qxe7 Qxe7 27. Rxe7
Rfe8 28. Rxe8+ Rxe8 29. Rxa5 Re1+ 30. Kh2 Rxc1 31. cxd4 b4 32. Ra6 Rd1 33. Rxd6
Rxd4 34. Rb6 Kf7 35. Kg3 g5 36. Kf3 Rd3+ 37. Ke2 Rb3 38. Rb7+ Kf6 39. d6 Rxb2+
40. Ke3 f4+ 41. Kf3 Rd2 42. Rxb4 Rxd6 43. h4 gxh4 44. Rxf4+ Kg5 45. Rg4+ Kh5
46. Rg7 Rf6+ 47. Ke3 Re6+ 48. Kf4 Rf6+ 49. Ke3 Re6+ 50. Kf4 Rf6+ 1/2-1/2

[Event "8th Asian Continental/Individu"]
[Site "Subic Bay Free Port"]
[Date "2009.05.21"]
[Round "9.11"]
[White "Le, Thi Phuong Lien"]
[Black "Xu, Tong"]
[Result "0-1"]
[WhiteElo "2216"]
[BlackElo "2231"]
[PlyCount "126"]
[EventDate "2009.05.13"]

1. e4 c5 2. Nf3 Nc6 3. d4 cxd4 4. Nxd4 g6 5. c4 Nf6 6. Nc3 Nxd4 7. Qxd4 d6 8.
Be3 Bg7 9. f3 O-O 10. Qd2 Be6 11. Be2 Qa5 12. Rb1 Rfc8 13. b4 Qd8 14. Nd5 Bxd5
15. exd5 b5 16. Rc1 a5 17. O-O bxc4 18. Bxc4 axb4 19. Qxb4 Rcb8 20. Qd2 Nd7 21.
Rb1 Qc7 22. Bb5 Nc5 23. Rfc1 Ra3 24. Bf2 Qa7 25. Bc4 Ra8 26. Rb4 h5 27. Qe2 Bf6
28. Rcb1 Qc7 29. Be3 Na4 30. Rc1 Nc3 31. Qf2 Qa5 32. Rb7 Nxa2 33. Rcb1 Nc3 34.
Rb8+ Kh7 35. Rxa8 Qxa8 36. Rc1 Qa4 37. Qf1 Kg7 38. Bf2 Qa8 39. h3 Nxd5 40. Qd1
Nc3 41. Qd2 Qa4 42. Bf1 Ra2 43. Qd3 Ra3 44. Qd2 d5 45. Bc5 Ra2 46. Qe1 Bd4+ 47.
Kh1 Bxc5 48. Qe5+ f6 49. Qxc3 Bd6 50. Qe3 Qh4 51. f4 Qxf4 52. Qxf4 Bxf4 53. Rd1
Bd2 54. g4 hxg4 55. hxg4 Kh6 56. Bg2 d4 57. Be4 Kg5 58. Kg2 Kxg4 59. Bxg6 Be3+
60. Kf1 f5 61. Bf7 Rf2+ 62. Ke1 e5 63. Bc4 e4 0-1

[Event "8th Asian Continental/Individu"]
[Site "Subic Bay Free Port"]
[Date "2009.05.21"]
[Round "9.12"]
[White "Bui, Kim Le"]
[Black "Camacho, Chardine Cheradee"]
[Result "0-1"]
[WhiteElo "2165"]
[BlackElo "2166"]
[PlyCount "86"]
[EventDate "2009.05.13"]

1. e4 c5 2. Nf3 e6 3. d4 cxd4 4. Nxd4 a6 5. Nc3 Qc7 6. Bd3 b5 7. O-O Bb7 8. Kh1
Nf6 9. Qe2 Nc6 10. Nb3 Be7 11. f4 b4 12. Nd1 h5 13. c4 h4 14. Kg1 h3 15. g3 Na5
16. Nf2 Nxb3 17. axb3 Qc6 18. Be3 d6 19. Bd4 Rh7 20. Rfe1 Nd7 21. Ra5 f5 22.
Qe3 Bd8 23. Rxf5 g6 24. Rd5 Re7 25. Rg5 e5 26. Rxg6 exd4 27. Qxd4 Bb6 28. Qh8+
Nf8 29. Rf6 Rf7 30. Qh5 Bxf2+ 31. Kf1 Qc7 32. Re2 Bd4 33. e5 dxe5 34. fxe5 Bg2+
35. Ke1 Bd5 36. e6 Bxe6 37. Rexe6+ Nxe6 38. Rxe6+ Kf8 39. Be4 Re8 40. Rxe8+
Kxe8 41. Bg6 Qe5+ 42. Qxe5+ Bxe5 43. Ke2 Bxg3 0-1

[Event "8th Asian Continental/Individu"]
[Site "Subic Bay Free Port"]
[Date "2009.05.21"]
[Round "9.13"]
[White "Ghader Pour, Shayesteh"]
[Black "Xu, Huahua"]
[Result "1/2-1/2"]
[WhiteElo "2156"]
[BlackElo "2093"]
[PlyCount "105"]
[EventDate "2009.05.13"]

1. e4 c5 2. c3 Nf6 3. e5 Nd5 4. d4 cxd4 5. Nf3 e6 6. cxd4 d6 7. a3 Nc6 8. Bd3
dxe5 9. dxe5 g6 10. O-O Bg7 11. Re1 O-O 12. Qe2 b6 13. Bd2 Bb7 14. Nc3 Nce7 15.
Ne4 Bc6 16. Nd6 Qd7 17. h4 Nc8 18. Nxc8 Raxc8 19. h5 Rfd8 20. Bg5 Nf4 21. Bxf4
Qxd3 22. Qxd3 Rxd3 23. Rac1 gxh5 24. Re2 Bd7 25. Rxc8+ Bxc8 26. Rc2 Bd7 27. Rc7
h6 28. Rxa7 Bc6 29. b4 b5 30. Ne1 Rd4 31. g3 Rd5 32. Rc7 Be8 33. Rc5 Kh7 34.
Rxd5 exd5 35. Nf3 Bd7 36. Kf1 f6 37. exf6 Bxf6 38. Be5 Bg5 39. Bb2 Bf5 40. Bc3
Be4 41. Nd4 Bd3+ 42. Kg2 Kg6 43. Nb3 Bc2 44. Nd4 Bd3 45. Nc6 Bf6 46. Bxf6 Kxf6
47. Kh3 Kf5 48. f3 Ke6 49. Kh4 Kd6 50. Nd4 Ke5 51. Nc6+ Kd6 52. Nd4 Ke5 53.
Nc6+ 1/2-1/2

[Event "8th Asian Continental/Individu"]
[Site "Subic Bay Free Port"]
[Date "2009.05.21"]
[Round "9.14"]
[White "Dang, Bich Ngoc"]
[Black "Nadig, Kruttika"]
[Result "1/2-1/2"]
[WhiteElo "2185"]
[BlackElo "2361"]
[PlyCount "117"]
[EventDate "2009.05.13"]

1. c4 Nf6 2. Nc3 d5 3. cxd5 Nxd5 4. Nf3 g6 5. g3 Bg7 6. Bg2 O-O 7. O-O Nb6 8.
d3 Nc6 9. Be3 h6 10. Qc1 Kh7 11. Rb1 e5 12. b4 Nd4 13. Re1 a5 14. b5 Qe7 15.
Nd2 f5 16. Nc4 Nxc4 17. dxc4 g5 18. f4 gxf4 19. gxf4 e4 20. Nd5 Qf7 21. Qd2 c5
22. bxc6 Nxc6 23. Kh1 Be6 24. Bb6 Rac8 25. Rec1 Nb4 26. Nxb4 axb4 27. Rxb4 Bxc4
28. a4 Bd5 29. Rbb1 Ba2 30. Rxc8 Rxc8 31. Rc1 Qd5 32. Qe1 Rg8 33. a5 Bc4 34. e3
Bf6 35. Qb4 Be2 36. Qc5 Qe6 37. Qc2 Bh5 38. Qc4 Qe8 39. Qc7+ Rg7 40. Qc8 Qg6
41. Qc2 Qf7 42. Qd2 Qb3 43. Qc2 Qd3 44. Qc5 Bb2 45. Qxf5+ Bg6 46. Qc5 Bxc1 47.
Qxc1 Qe2 48. Bd4 Re7 49. h3 Qa2 50. Qc8 Qg8 51. Qc5 Rf7 52. Qe5 Qc8 53. Kh2 Qg8
54. h4 Bf5 55. h5 Qd8 56. Kg1 Qc8 57. Kh2 Qd8 58. Kg1 Qc8 59. Kh2 1/2-1/2

[Event "8th Asian Continental/Individu"]
[Site "Subic Bay Free Port"]
[Date "2009.05.21"]
[Round "9.15"]
[White "Sun, Fanghui"]
[Black "Nguyen, Thi Mai Hung"]
[Result "1/2-1/2"]
[WhiteElo "2146"]
[BlackElo "2295"]
[PlyCount "82"]
[EventDate "2009.05.13"]

1. e4 c5 2. Nf3 Nc6 3. Bb5 g6 4. Bxc6 bxc6 5. O-O Bg7 6. e5 d5 7. exd6 Qxd6 8.
d3 Nf6 9. Nc3 O-O 10. h3 Ba6 11. Qe2 Rfe8 12. Qe5 Nd5 13. Qxd6 exd6 14. Bd2
Rad8 15. Rab1 Nc7 16. Rfe1 Ne6 17. Ne4 d5 18. Neg5 Nxg5 19. Bxg5 f6 20. Bd2 Kf7
21. Ba5 Rc8 22. b3 Bf8 23. Rbd1 Rxe1+ 24. Rxe1 Re8 25. Rxe8 Kxe8 26. Kf1 Kd7
27. Ke2 Bd6 28. Ke3 Ke6 29. g3 Bc8 30. Bd8 g5 31. h4 h6 32. hxg5 hxg5 33. c3
Bd7 34. Ne1 Kf5 35. d4 cxd4+ 36. cxd4 Kg6 37. Nd3 Bf5 38. Nc5 Kf7 39. a3 Bc8
40. b4 Bf8 41. Bc7 a6 1/2-1/2

[Event "8th Asian Continental/Individu"]
[Site "Subic Bay Free Port"]
[Date "2009.05.21"]
[Round "9.16"]
[White "Le, Kieu Thien Kim"]
[Black "Guo, Qi"]
[Result "1/2-1/2"]
[WhiteElo "2277"]
[BlackElo "2147"]
[PlyCount "158"]
[EventDate "2009.05.13"]

1. d4 Nf6 2. Nf3 d5 3. e3 e6 4. Bd3 c5 5. b3 Nc6 6. a3 Qc7 7. Bb2 Bd6 8. dxc5
Bxc5 9. c4 dxc4 10. Bxc4 O-O 11. O-O e5 12. Qc2 Bd6 13. h3 a6 14. Nc3 Ne7 15.
Rac1 b5 16. Bd3 Bb7 17. Qe2 Qb6 18. Bb1 Rac8 19. Na2 Nc6 20. Rfd1 Bb8 21. Nd2
Rfd8 22. b4 Ne7 23. Nf3 Qe6 24. Nc3 h6 25. Ba2 Qf5 26. Bb1 Qe6 27. e4 Nh5 28.
Ne1 Nf4 29. Qe3 Qg6 30. Ne2 Rxd1 31. Rxd1 Qh5 32. Nf3 Nxe2+ 33. Qxe2 Ng6 34.
Kh2 Nf4 35. Qe3 Kh7 36. Rd2 Rc6 37. Ne1 Bc8 38. Qf3 Qg5 39. Qg3 Nxh3 40. Qxg5
Nxg5 41. Nd3 f6 42. Nc5 Ne6 43. Nb3 Bc7 44. Ba2 Bb6 45. Na5 Bxa5 46. bxa5 Nc7
47. g3 Be6 48. Bb1 Kg8 49. f4 exf4 50. gxf4 Kf8 51. f5 Bb3 52. e5 fxe5 53. Bxe5
Ne8 54. Be4 Rc5 55. Bd4 Rc1 56. Bb7 b4 57. axb4 Bc4 58. Bc5+ Kf7 59. Rd7+ Kf6
60. Rd8 Bb5 61. Ra8 Rc2+ 62. Kg3 Kxf5 63. Bxa6 Bxa6 64. Rxa6 Nf6 65. Rc6 Ne4+
66. Kf3 Ra2 67. Rc8 Nd2+ 68. Ke3 Nc4+ 69. Kd3 Nxa5 70. bxa5 Rxa5 71. Rf8+ Kg6
72. Bd4 Rf5 73. Rg8 Rf7 74. Ke4 Kh7 75. Re8 Rf1 76. Re7 Re1+ 77. Be3 Rf1 78.
Rb7 Rf6 79. Bd4 Rg6 1/2-1/2

[Event "8th Asian Continental/Individu"]
[Site "Subic Bay Free Port"]
[Date "2009.05.21"]
[Round "9.17"]
[White "Wang, Xiaohui"]
[Black "Lkhamsuren, Uuganbayar"]
[Result "0-1"]
[WhiteElo "2265"]
[BlackElo "2038"]
[PlyCount "98"]
[EventDate "2009.05.13"]

1. d4 d5 2. c4 c6 3. Nf3 Nf6 4. e3 Bf5 5. Nc3 e6 6. h3 Nbd7 7. Nh4 Bg6 8. Be2
Bd6 9. O-O O-O 10. Nxg6 hxg6 11. Rb1 Rc8 12. b4 Bb8 13. f4 dxc4 14. e4 b5 15.
a4 a6 16. Be3 Qc7 17. Bf3 Rfd8 18. Qe2 e5 19. fxe5 Nxe5 20. dxe5 Qxe5 21. Rfc1
Rd3 22. Qe1 Qh2+ 23. Kf1 Qh1+ 24. Bg1 Ba7 25. Ke2 Qxg1 26. Qxg1 Bxg1 27. Nxb5
Re3+ 28. Kf1 cxb5 29. e5 Ne4 30. Kxg1 Nd2 31. Bg4 Rc7 32. Rb2 Nb3 33. Kf2 Nxc1
34. Kxe3 Nd3 35. Rb1 Nxe5 36. Be2 Rd7 37. axb5 axb5 38. Ra1 Nc6 39. Rb1 Rc7 40.
Kd2 c3+ 41. Kd3 c2 42. Ra1 Nxb4+ 43. Kd2 Na2 44. Bxb5 Rc5 45. Rc1 Nxc1 46. Kxc1
f5 47. Bd3 Rc3 48. Be2 Kf7 49. h4 Kf6 0-1

[Event "8th Asian Continental/Individu"]
[Site "Subic Bay Free Port"]
[Date "2009.05.21"]
[Round "9.20"]
[White "Jose, Rulp Ylem"]
[Black "Mendoza, Beverly"]
[Result "0-1"]
[WhiteElo "2054"]
[BlackElo "2045"]
[PlyCount "84"]
[EventDate "2009.05.13"]

1. e4 e5 2. Nc3 Nf6 3. f4 d5 4. fxe5 Nxe4 5. Nf3 Bc5 6. d4 Bb4 7. Bd2 Bg4 8.
Bd3 Bxf3 9. Qxf3 Qh4+ 10. g3 Nxd2 11. Qe3 Qxd4 12. Kxd2 Qxe3+ 13. Kxe3 c6 14.
Ne2 Nd7 15. c3 Ba5 16. Bf5 Nxe5 17. Rhe1 O-O 18. Kf2 g6 19. Nf4 Rfe8 20. Nd3 f6
21. Nxe5 fxe5 22. Bg4 Re7 23. Kg2 Kg7 24. Rad1 e4 25. Rd2 Rf8 26. a4 Bb6 27.
Bd1 Ref7 28. Ree2 e3 29. Rd3 Rf2+ 30. Kh3 Rxe2 31. Bxe2 Rf2 32. a5 Rxe2 33.
axb6 axb6 34. b4 Kf6 35. Kg4 Ke5 36. h4 c5 37. Kf3 Re1 38. g4 d4 39. h5 Rf1+
40. Ke2 Rf4 41. Ke1 Ke4 42. Rd1 d3 0-1

[Event "8th Asian Continental/Individu"]
[Site "Subic Bay Free Port"]
[Date "2009.05.21"]
[Round "9.21"]
[White "Docena, Jedara"]
[Black "Khademalsharieh, Sarasadat"]
[Result "1-0"]
[WhiteElo "1999"]
[BlackElo "1806"]
[PlyCount "59"]
[EventDate "2009.05.13"]

1. e4 e5 2. Nc3 Nf6 3. f4 d5 4. exd5 exf4 5. Bb5+ c6 6. dxc6 bxc6 7. Qf3 Qd6 8.
Bc4 Bg4 9. Qf2 Qe5+ 10. Nge2 Bxe2 11. Nxe2 g5 12. d4 Qe4 13. Bd3 Bb4+ 14. Bd2
Bxd2+ 15. Kxd2 Qe7 16. Nc3 Kf8 17. Rae1 Qd6 18. h3 g4 19. Ne4 Nxe4+ 20. Rxe4 f3
21. Rxg4 fxg2 22. Rxg2 Nd7 23. Rf1 f6 24. Rgg1 Rb8 25. Qg2 Qb4+ 26. Kd1 Qe7 27.
Re1 Qf7 28. Bc4 Qh5+ 29. Kc1 Qh6+ 30. Kb1 1-0